LEADER 01056nam--2200385---450- 001 990002747060203316 005 20060606111127.0 010 $a88-85192-14-9 035 $a000274706 035 $aUSA01000274706 035 $a(ALEPH)000274706USA01 035 $a000274706 100 $a20060606d1997----km-y0itay0103----ba 101 $aita 102 $aIT 105 $aa|||||||001yy 200 1 $aFragranze$epsicologia e biologia del profumo$g[a cura di] George H. Dodd, Steve Van Toller 210 $aRoma$cAporie$dc1997 215 $a298 p.$cill.$d24 cm 300 $aAntologia tratta da: Perfumery ; Fragrance 410 0$12001 454 1$12001 461 1$1001-------$12001 606 0 $aProfumi$xaspetti psicologici 676 $a391.63 702 1$aDODD,$bGeorge H. 702 $aVAN TOLLER,$bSteve 801 0$aIT$bsalbc$gISBD 912 $a990002747060203316 951 $aP13 727$bDISTRA 959 $aBK 969 $aDISTRA 979 $aDISTRA1$b90$c20060606$lUSA01$h1111 996 $aFragranze$9999509 997 $aUNISA LEADER 01181nam--2200397---450- 001 990002941630203316 005 20150701121148.0 010 $a88-311-3103-6 035 $a000294163 035 $aUSA01000294163 035 $a(ALEPH)000294163USA01 035 $a000294163 100 $a20070607d1993----km-y0itay50------ba 101 $aita 102 $aIT 105 $a||||||||001yy 200 1 $a<> catechesi$fCirillo di Gerusalemme$gtraduzione, introduzione e note a cura di Calogero Riggi 210 $aRoma$cCittà nuova$d[1993] 215 $a518 p.$d21 cm 225 2 $aCollana di testi patristici$v103 410 0$12001$aCollana di testi patristici$v103 454 1$12001 461 1$1001-------$12001 676 $a238.1 700 1$aCYRILLUS :$cHierosolymitanus$c$0161597 701 1$aRIGGI,$bCalogero$0205979 801 0$aIT$bsalbc$gISBD 912 $a990002941630203316 951 $aF II b 70/a$b635 DLM$cF II 951 $aF II b 70/b$b457 DLM$cF II 959 $aBK 969 $aDILAM 979 $aDILAM$b90$c20070607$lUSA01$h1426 979 $aRIVELLI$b90$c20150701$lUSA01$h1211 996 $aCatechesi$91031002 997 $aUNISA